000 00531nam a2200193Ia 4500
005 20250326124511.0
008 250326s9999 xx 000 0 und d
037 _aTextbook
040 _aFMSL
_beng
_cFMSL
041 _aeng
_2eng
084 _aX:8 L1;1
_qFMSL
100 _aRichards M D
_9737497
245 0 _aReadings in management
_cRichards M D; Nielander W A
250 _a3
260 _aBombay
_bBombay, D B Taraporevala Sons
_c1971
300 _a972p
942 _cTB
_hX:8 L1;1
999 _c1273970
_d1273970